MARC

LEADER 00000nam0a2200000 4500
001 259110
005 20231101233345.0
010 |a 5211007026 
035 |a (RuTPU)RU\TPU\book\282020 
090 |a 259110 
100 |a 20140505d1988 m y0rusy50 ca 
101 0 |a rus 
102 |a RU 
105 |a a j 001zy 
200 1 |a Основные закономерности протекания химических реакций  |e учебное пособие для студентов-иностранцев  |f Е. Н. Борисова, М. Д. Адаменкова  |g Московский государственный университет им. М. В. Ломоносова (МГУ) 
210 |a Москва  |c Изд-во Московского ун-та  |d 1988 
215 |a 68 с.  |c ил. 
225 1 |a Химия 
320 |a Словарь ключевых терминов: с. 62-67. 
606 1 |a Химические реакции  |2 stltpush  |3 (RuTPU)RU\TPU\subj\70068  |9 84616 
610 1 |a протекание 
610 1 |a химические вещества 
610 1 |a номенклатура 
610 1 |a классификация 
610 1 |a упражнения 
610 1 |a учебные пособия 
675 |a 544.4(075.8)  |v 3 
700 1 |a Борисова  |b Е. Н.  |g Елена Нестеровна 
701 1 |a Адаменкова  |b М. Д.  |g Маргарита Дмитриевна 
712 0 2 |a Московский государственный университет им. М. В. Ломоносова (МГУ)  |2 stltpush  |3 (RuTPU)RU\TPU\col\7 
801 1 |a RU  |b 63413507  |c 20140505 
801 2 |a RU  |b 63413507  |c 20141101  |g RCR 
942 |c BK